[Event "Match 81__120'/40"]
[Site "Zürich"]
[Date "2025.??.??"]
[Round "14"]
[White "Fidelity Excel Mach III"]
[Black "Scorpio 68000 sel. 4"]
[Result "1-0"]
[Annotator "Utzinger,K"]
[WhiteElo "2020"]
[BlackElo "2043"]
[PlyCount "170"]
[EventDate "2025.??.??"]

1. d4 d5 {Match 120'/40 | Bediener: Rolf Bühler | Kommentator: Kurt Utzinger | 14. Partie: Weiss (Mach III) gewinnt | Zwischenstand: 8-6 (57,1%) für Mach III | Stand hypothetisch: 7-7 (50%) Ausgleich | Eröffnung: Damengambit, Halbslawisch, Meraner Variante | Buchzüge: 17 von Scorpio; 18 von Mach III | Partieverlauf: Nach einer langen Buchvariante im Meraner System des halbslawischen Damengambits entsteht ein ausgeglichenes und damenloses Mittelspiel. Ab diesem Punkt, Stellung nach 21...Lb7=, ist es aber der Mach III, welcher dauernd die Führungsrolle übernimmt. Der im reinen Verteidigungsmodus agierende Scorpio 68000 sel. 4 gerät dabei 5 x in verlorene Stellungen, die der Gegner aber allesamt in den Sand setzt. Indessen ist es schliesslich doch das Programm von David Kittinger, das auch noch den letzten entscheidenden Fehler begeht und eine mehr als verdiente Niederlage kassiert. Ganz allgemein zeigt sich aber aus dem Partieverlauf, dass beide Programme in vielen Stellung völlig überfordert waren.} 2. c4 c6 3. Nf3 Nf6 4. Nc3 e6 5. e3 Nbd7 6. Bd3 dxc4 7. Bxc4 b5 8. Bd3 a6 9. e4 c5 10. e5 cxd4 11. Nxb5 Nxe5 {Wichtige Alternativen sind:} (11... axb5 12. exf6 gxf6 (12... Qb6 $5) 13. O-O Qb6 14. Qe2 b4 15. Bf4 $11) (11... Ng4 12. Nd6+ Bxd6 13. exd6 Qa5+ 14. Qd2 Qd5 15. Qg5 Qxg5 16. Bxg5 $11) 12. Nxe5 axb5 13. Qf3 (13. Bxb5+ Bd7 14. Nxd7 Qa5+ 15. Bd2 Qxb5 16. Nxf8 Rxf8 17. a4 Qc4 18. b3 Qd3 19. Qf3 Qe4+ 20. Qxe4 Nxe4 21. b4 Ke7 22. f3 Nc3 23. Bxc3 dxc3 24. Ke2 Rfd8 25. Rhd1 c2 26. Rdc1 Rd4 27. Rxc2 Rxb4 28. a5 {½-½ (28) Kramnik,V (2751)-Kasparov,G (2812) Wijk aan Zee 1999 CBM 069 [Lutz,Christopher]}) 13... Bb4+ 14. Ke2 Rb8 15. Qg3 Qd6 16. Nf3 Qxg3 17. hxg3 Bd6 {***ENDE BUCH***} 18. Bf4 {Bewertung: 0.00(50%)/51} Rb6 $146 {Eine brauchbare Neuerung, die das bestehende Gleichgewicht hält.} (18... Ke7 19. Nxd4 Bd7 20. Bxd6+ Kxd6 21. Rhd1 Ke7 22. Rac1 Rb6 23. Rc7 {½-½ (23) De Boer,G (2375)-Kuijf,M (2490) Hilversum 1990}) (18... Bxf4 19. gxf4 Ke7 20. Nxd4 Bd7 21. Rhc1 Rhc8 22. a3 Rxc1 23. Rxc1 b4 24. Nc6+ Bxc6 25. Rxc6 Nd5 26. g3 bxa3 27. bxa3 Rb2+ 28. Rc2 Rb3 29. a4 Nc3+ 30. Kd2 Nxa4 31. Rc7+ Kf6 32. Bxh7 Rb8 {½-½ (32) Thesing,M (2355)-Goehring,K (2355) Germany 1987}) 19. Bxd6 Rxd6 20. Bxb5+ Ke7 (20... Bd7 {Auch dagegen spricht nichts: Entwicklung und Angriff auf Lb5.}) 21. Bd3 {[#]} Bb7 $11 {Für die modernen Engines ist diese Stellung völlig im Gleichgewicht. In seinem neuen Lehrbuch "Chess Imbalances" macht der Autor, GM Mauricio Flores Rios, eine wichtige Aussage "It's equal but it's not the same". Damit will der Autor sagen, dass eine Stellung, die aus Sicht der Engines mit 0.00 bewertet wird, aus menschlicher Perspektive eine völlig andere Bedeutung haben kann. Dies deshalb, weil die Stellung schwierig(er) zu spielen ist und somit die Wahrscheinlichkeit bis zu 90% hoch sein kann, dass der Verteidiger noch straucheln wird. Materiell steht es gleich, beide Parteien habe keine echt schwachen Punkte, die Aktivität der Figuren unterscheidet sich nicht wesentlich. Was ins Auge fällt, ist die weisse Bauernmehrheit, zwei verbundene Freibauern am Damenflügel. Schwarz besitzt demgegenüber nur einen Freibauern. Diese "Imbalance" kann dem Schwarzen gefährlich werden und verlangt genaues Spiel und höchste Konzentration über längere Zeit. Deshalb liegen die praktischen Chancen in dieser "ausgeglichenen" Stellung eindeutig bei Weiss.} 22. b3 $11 e5 $2 $16 {Ein unmenschlicher und positionell sehr ungünstiger Vortoss. Der Tausch des Zentralbauers gegen den lahmen g2-Bauer ist eine Freude für Weiss, zumal nun der schwarze Freibauer zu einem schwachen Isolani wird.} 23. Nxe5 Re6 24. f4 Bxg2 25. Rhc1 {Aus der gleichen Stellung ist in wenigen Zügen eine Position entstanden, die schon den Keim des Verlusts in sich trägt.} Bd5 26. Rc7+ {Nun bekommt Weiss auch noch zur Beherrschung der offenen c-Linie. Es ist schon sehr fraglich bis wenig wahrscheinlich, dass diese Stellung für Schwarz noch zu retten ist.} {[#]} Kd8 $2 {[%mdl 2] Dieser Bock ***VERLIERT***sicher, auch wenn die günstigere Alternative 26...Kd6 ebenso wenig grosse Rettungschancen bietet.} ({Rems M-091224-avx2:} 26... Kd6 {2.90(100%)/48} 27. Rac1 Rhe8 28. Ra7 Ra8 29. Rxa8 Bxa8 30. Kd2 Re7 31. Rc4 Bd5 32. Rxd4 Ra7 33. Bb1 Ke6 34. Nc4 Bg2 35. Ne3 Bc6 36. a4 g6 37. Bd3 Bh1 38. Nc4 Nd5 39. Ne5 Nf6 40. Kc3 g5 41. Bc4+ Nd5+ 42. Kd2 gxf4 43. gxf4 Kd6 44. Bxd5 Bxd5 45. Nd3 Rb7 46. Nb4 Kc5 47. Rxd5+ Kxb4 48. Kd3 Rb6 49. Rf5 Rb7 50. Rh5 Rd7+ 51. Kc2 Ka3 52. Rb5 Rc7+ 53. Kd3 {[%eval 290,48] [%wdl 1000,0,0]}) 27. Rac1 Rhe8 28. Kd1 Rxe5 $5 {Ein menschlicher Zug: Der Riesenspringer wird beseitigt und die Qualität für einen Bauern geopfert. Alles anderen Züge sind schlechter.} 29. fxe5 Rxe5 30. Ra7 Rg5 31. Ba6 {Droht Tc8 Matt.} Be6 32. Rc6 {Es ist fast schwierig, Züge zu finden, die nicht gewinnen.} Ra5 (32... Rxg3 33. Rd6+ Nd7 34. Bb5 $18 {und der gefesselte und dreifach angegriffene Springer geht verloren.}) 33. Rd6+ Nd7 34. Rxd4 $6 {Geht an den noch stärkeren Fortsetzungen 34.Tb7 oder 34.b4 vorbei.} Rxa2 35. b4 {Der Freibauer läuft, also eine klare Sache. Man fragt sich nur noch, wie lange es geht, bis Schwarz das Handtuch werfen muss.} Ke7 {+ 4.03 für Weiss} 36. Ke1 $2 {= 0.00 Weiss vergibt den Sieg.} {[#]} Ke8 $2 $18 {[%mdl 2] ***VERLIERT*** wieder, statt mit 36...Kf6 den Ausgleich anzustreben. Sicher ist die Variante viel zu tief für den Scorpio, aber f6 als viel besseren Platz für den König zu betrachten, ist eine andere Sache.} ({Rems M-091224-avx2:} 36... Kf6 {0.00(50%)/57} 37. Rd6 Ra1+ 38. Rd1 Ra2 39. b5 Ne5 40. Rd6 Nf3+ 41. Kd1 Ke5 42. Rxe6+ fxe6 43. Rxg7 Kd6 44. Rxh7 Nd4 45. g4 Rg2 46. Rh5 Rxg4 47. Rh8 Kc5 48. Bc8 Nxb5 49. Bxe6 {[%eval 0,57] [%wdl 4,992,4]}) 37. Re4 $2 $11 {Damit ist aber auch kein Blumentopf zu gewinnen. Richtig war Ta8+ Ke7, Lb7 usw.} {[#]} Kd8 $2 $18 {[%mdl 2] Erneuter Sturz in den ***ABGRUND***, statt mit Ke7 nebst Kf6 sich aus allen Fesslungen zu befreien.} 38. Rh4 $2 $11 {Mit 38.Td4 wäre Weiss wieder auf den Siegespfad geraten.} Nf6 $2 $18 {[%mdl 2] ***VERLIERT***, weil Ke7 nebst Kf8 verpasst wird.} 39. Rd4+ Bd7 40. Rd3 {Konsequenter b4-b5.} ({Rems M-091224-avx2:} 40. b5 Rb2 41. Kd1 Ke8 42. Kc1 Rb3 43. Kc2 Be6 44. Bb7 g5 (44... Rxb5 $4 45. Bc6+) 45. Bc6+ Kf8 46. Ra6 Rxg3 47. b6 Rb3 48. Ba4 Rxb6 49. Rxb6 Kg7 50. Kd2 h6 51. Bb3 Bf5 52. Rb7 Bg6 53. Bc2 Bh5 54. Rb3 Bg4 55. Re3 Bh5 56. Bf5 Ng8 57. Rd8 Nf6 58. Ke1 Ng4 59. Rh3 Kf6 60. Bc8 Kg7 61. Rxh5 Ne3 62. Rh2 Nc4 63. Bf5 Ne3 64. Be4 Nc4 65. Rh3 Ne5 66. Rg3 Nc4 67. Bd5 Ne5 {[%eval 693,46] [%wdl 1000,0,0]}) 40... h5 41. b5 Rb2 42. Kd1 Ke8 43. Kc1 Rb4 44. Kd2 Ne4+ (44... Bxb5 45. Bxb5+ Rxb5 46. Re3+ Kd8 47. Rxf7 $18 {und gewinnt}) 45. Ke3 Nf6 $18 46. Ke2 $2 $11 {ade Gewinn} Bxb5 $2 $18 {[%mdl 2] ***VERLIERT*** wieder. Mit 46...Le6 war der Ausgleich zu haben.} ({Rems M-091224-avx2:} 46... Be6 {00(50%)/54} 47. Bb7 Bc4 48. Bc6+ Kf8 49. Kd2 Bxd3 50. Kxd3 g6 51. Rb7 g5 52. b6 h4 53. Kc3 Rb1 54. Kc2 Rb4 55. Kc3 {[%eval 0,54] [%wdl 4,992,4]}) 47. Bxb5+ Rxb5 48. Re3+ Kd8 (48... Kf8 $4 49. Ra8+ Ne8 50. Raxe8#) 49. Rxf7 {Nun steht die gleiche Gewinnstellung auf dem Brett, wie in der Variante zu 44...Se4+ angegeben, nur mit dem bedeutungslosen Unterschied, dass sich der weisse König auf e2, statt auf d2 befindet.} Rg5 50. Ra3 {droht Ta8 Matt} Ke8 51. Rb7 $2 $11 {Wirft einmal mehr den Gewinn weg.} (51. Raa7 Rxg3 52. Rfb7 Rg2+ 53. Ke3 Rg3+ 54. Kd4 Kf8 55. Ra8+ Ne8 56. Rbb8 g6 57. Rxe8+ {und gewinnt}) 51... Kf8 52. Kf3 Kg8 53. Ra6 Rf5+ 54. Kg2 Ng4 55. Raa7 Ne3+ 56. Kh3 Rg5 57. Rd7 Nf5 58. Ra3 Kh7 {Bei genauer Verteidigung kann Weiss nicht mehr gewinnen.} 59. Rf3 Kg6 60. Rd5 Kf6 61. Rd6+ {[#]} Ke5 $2 $18 {[%mdl 2] ***VERLIERT*** erneut, weil der schwarze König auf der 7. und 6. Reihe bleiben muss.} (61... Kf7 $1 62. Ra6 g6 63. Ra7+ Kf6 $11) 62. Rb6 g6 63. Ra3 Rg4 64. Ra5+ Ke4 65. Ra4+ Nd4 ({oder} 65... Kf3 66. Rb3+ Ne3 67. Rxg4 hxg4+ 68. Kh4 Ke4 69. Ra3 Kf3 70. Kg5 Kf2 71. Kf4 $18) 66. Rf6 Kd5 67. Raa6 g5 68. Rh6 Ne2 69. Ra3 Ng1+ 70. Kh2 Ne2 71. Rxh5 {Nach dem Fall dieses Bauern naht das Ende für Schwarz.} Rd4 ({oder} 71... Nd4 72. Kh3 Re4 73. Rxg5+) 72. Rxg5+ Kc4 73. Kh3 Rd2 74. Kh4 Rd8 75. g4 Kd4 76. Rf5 Ke4 77. Ra4+ Nd4 78. Rf6 Rh8+ 79. Kg5 Rg8+ 80. Kh5 Re8 81. Rd6 {erobert noch den Sd4} ({Auch} 81. Rxd4+ Kxd4 {gewinnt, denn mit seinem vom Bauern abgeschnittenen König kann Schwarz die Umwandlung des gegnerischen Bauern nicht verhindern.}) 81... Rh8+ 82. Kg6 Ke3 83. Raxd4 Rh1 84. g5 Rf1 85. Rd1 Rxd1 {***AUFGEGEBEN***} 1-0

[Event "Match 81__120'/40"]
[Site "Zürich"]
[Date "2025.??.??"]
[Round "15"]
[White "Scorpio 68000 sel. 4"]
[Black "Fidelity Excel Mach III"]
[Result "1/2-1/2"]
[Annotator "Utzinger,K"]
[WhiteElo "2043"]
[BlackElo "2020"]
[PlyCount "147"]
[EventDate "2025.??.??"]

{[%evp 0,147,26,41,72,-4,4,17,27,14,97,110,91,62,127,130,133,139,147,150,141,112,117,84,91,87,117,83,73,95,121,129,131,131,129,150,162,156,156,161,240,221,229,218,218,218,256,234,348,194,205,160,178,175,167,184,179,189,150,170,156,146,221,156,190,201,201,197,189,196,193,129,129,133,140,121,121,96,113,111,103,104,106,88,96,57,98,83,91,91,91,91,102,100,120,120,114,68,58,17,20,17,19,19,24,23,23,17,18,18,18,15,17,15,17,16,17,18,21,0,17,17,17,17,17,12,17,13,17,15,17,14,15,11,13,10,15,10,9,9,11,0,10,9,6,0,7,16,3,3]} 1. e4 d6 {Match 120'/40 | Bediener: Rolf Bühler | Kommentator: Kurt Utzinger | 15. Partie: Remis | Zwischenstand: 8,5-6,5 (56,6%) für Mach III | Stand hypothetisch: 8-7 (53,3%) für Scorpio | Eröffnung: Pirc Verteidigung, 2.g3 | Buchzüge: 2 von Scorpio; 2 von Mach III | Partieverlauf: In einer selten gespielten Pirc Verteidigung mit 1.e4 d6 2.g3 behandelt der Mach III die Eröffnung miserabel. Davon zeugt auch der Umstand, dass die schwarze Dame in den ersten 16 Zügen achtmal seine Dame gezogen hat. Trotz nicht immer optimalem Spiel von Weiss, erlangt der Scorpio 68000 sel. 4 eine starke Stellung und der Gegner wird schlicht auseinandergenommen. Dabei hatte der Mach III nach nur 8 Zügen eine verlorene Stellung. Der erste schwarze Bauer fällt mit 26.Lxc6+, der zweite Bauer nach 27.Txa7 und der dritte Bauer nach 37.Txf7+ mit einer klar für Weiss gewonnenen Stellung. Statt die Partie mit 1-0 abzubrechen, wofür sich mancher Schachfreund entschieden hätte, wird nicht der Kampf, sondern die Partie fortgesetzt. Und siehe da. Mit 38.b4? setzt der Scorpio 68000 sel. 4 die Partie in den Sand, so dass Weiss bereits nach 43...Lxh2+ nur noch mit einem Bauern mehr dasteht in einer Stellung, die der ungleichfarbigen Läufer wegen nicht mehr zu gewinnen war. Nach dem schlimmen Fehler 38.b4? hat sich der Mach III überraschend stark verteidigt und so ein mehr als glückliches Remis erzielt. Kurzum: Eine Partie zum Vergessen.} 2. g3 {***ENDE BUCH***} d5 {***ENDE BUCH*** Bewertung: = (0.13) (52%) Depth: 42/59} 3. exd5 Qxd5 4. Nf3 Qe4+ $2 {Schwach: gibt dem Weissen ein gratis Tempo für die Entwicklung und zudem steht die Dame auf e4 schlecht und wird nach Sb1-c3 nochmals einen Zug "verlieren" müssen. Die natürliche Fortsetzung wäre hier Lg4 gewesen.} (4... Bg4 5. Bg2 (5. Be2 Nc6 6. h3 Bh5 7. g4 Bg6 8. d4 e6 9. c4 Qd7 10. Nc3 O-O-O 11. Be3 h5 12. g5 Bb4 13. Qb3 Nge7 14. O-O-O Bxc3 15. bxc3 Nf5 16. Bf4 b6 17. c5 Kb7 18. Rhe1 h4 19. Bb5 Qc8 20. Bxc6+ Kxc6 21. Ne5+ Kb7 22. Nxg6 fxg6 23. Rxe6 Rhe8 24. Rde1 Rxe6 25. Rxe6 c6 26. Qc4 Re8 27. d5 Rxe6 28. dxe6 Qd8 29. Kc2 Qe7 30. cxb6 axb6 31. a4 Qa3 32. Kb1 Qe7 33. Kb2 Qd8 34. Qe4 Qe7 35. Qe5 Qd8 36. Kc2 c5 37. Qe4+ Ka7 38. Qc6 Qa8 39. Qd7+ Ka6 40. Kb3 Qe4 {1-0 (40) Munoz Pantoja,M (2442)-Narciso Dublan,M (2492) Barbera del Valles 2020}) 5... Qe6+ 6. Kf1 Bh3 7. d4 Nf6 8. b3 g6 9. c4 Bg7 10. Bf4 c6 11. Nc3 O-O 12. Qd2 Ne4 13. Nxe4 Qxe4 14. Bxh3 Qxf3 15. Bg2 Qh5 16. Re1 Na6 17. Rxe7 Rad8 18. d5 cxd5 19. Bxd5 Qh3+ 20. Kg1 Bf6 21. Rxb7 Nc5 22. Rxa7 Ne4 23. Qd3 Nc3 24. Be3 Nxd5 25. cxd5 Rfe8 26. d6 Re6 27. d7 Be7 28. Qf1 Qf5 29. h3 h5 30. h4 Qf3 31. Kh2 Bd6 32. Qg2 Qg4 33. Rc1 Rxe3 34. fxe3 Qxh4+ 35. Kg1 Qg4 36. Rc8 Be7 37. Rxd8+ Bxd8 38. Qf2 h4 39. Qf4 Qd1+ 40. Kg2 hxg3 41. Qxg3 Qe2+ 42. Qf2 Qg4+ 43. Kh2 Qh5+ 44. Kg2 Qg4+ 45. Qg3 Qe2+ 46. Qf2 Qg4+ 47. Qg3 {½-½ (47) Fedorov,A (2478)-Pridorozhni,A (2529) Sochi 2022}) 5. Be2 $16 {+/- (1.34) (88% +76% =24% -0%) Depth: 42/66} Bf5 $2 {Stellt eine Drohung gegen c2 auf, die Weiss aber ignorieren kann, wobei sich sein Vorteil weiter vergrössert. Richtig war 5...Lh3, um den Gegner wenigstens an der Rochade zu hindern.} 6. d3 {Weiss erkennt die Gunst der Stunde nicht.} (6. Nc3 $1 {zwingt die Dame zurück, denn} Qxc2 $2 {verliert eine Figur nach} 7. Qxc2 Bxc2 8. d3 $18 {und der Lc2 wird in 2 Zügen durch den weissen König erobert.}) 6... Qb4+ 7. c3 Qb6 8. Nbd2 {[#]} Nd7 $2 $18 {[%mdl 2] Bereits ein ***VERLUSTZUG*** gemäss den aktuellen Engines, Bewertung: +- (2.76) (100% +100% =0% -0%) Depth: 44/65 obwohl die Alternativen 8...De6 oder 8...c6 ebenso zu deutlichem Nachteil für Schwarz ausfallen.} 9. Nc4 Qa6 10. Ne3 {Wirkungsvoller war die kurze Rochade.} Bg6 11. Nh4 {Es geht noch deutlich besser.} (11. d4 Qf6 12. O-O e6 13. Re1 Qd8 14. d5 $18) 11... e5 12. d4 Qd6 13. Nxg6 $6 {Das verbessert die schwarze Stellung um rund eine Bauerneinheit.} (13. Nc4 Qe6 14. Nxg6 hxg6 15. Nxe5 Nxe5 16. dxe5 Qxe5 {sonst muss Schwarz mit einem Bauern weniger leben.} 17. Bf4 Qc5 18. O-O Be7 19. Qb3 Qb6 20. Qxb6 cxb6 21. Rad1 $18 {und trotz Damentausch hat Weiss eine überwältigende Stellung. Entwicklungsvorsprung, Läuferpaar, offene d-Linie, aktiv stehende Figuren.}) 13... hxg6 14. Qb3 Qc6 15. O-O exd4 {Besser würde Schwarz mit 15...Sgf6 an seine Entwicklung denken.} 16. cxd4 Qb6 17. Bf3 {Lässt den Damentausch zu, genügt aber noch immer für den Gewinn. Die beste Variante auf Suchtiefe 55 ist:} ({Rems M-091224-avx2:} 17. Qa4 {3.50(100%)/55} Qb4 18. Qc2 Qxd4 19. Qxc7 Ngf6 20. Qxb7 Rb8 21. Qg2 Qe5 22. Bg4 Qb5 23. a4 Qb7 24. Qxb7 Rxb7 25. Bf3 Rb3 26. Bd1 Rb8 27. Nc4 Bc5 28. Bf4 Rb4 29. Re1+ Kf8 30. Rc1 Kg8 31. Kg2 Kh7 32. b3 Rb7 33. Na5 Rb6 34. Bd2 Rd8 35. Rc4 Nf8 36. Bc3 Ne6 37. Bf3 Bd4 38. Rxe6 Bxc3 39. Nc6 fxe6 40. Nxd8 Bd2 41. Rc2 Be1 42. Rc8 g5 43. Bd1 Rd6 44. Bc2+ g6 45. Kf1 Bb4 46. Rc7+ Kg8 47. Nf7 Rd5 48. Nh6+ Kh8 49. Rxa7 {[%eval 350,55] [%wdl 1000,0,0]}) 17... Qxb3 18. axb3 c6 19. Bd2 Nh6 20. b4 $1 {Nimmt dem Gegner die wichtigen Felder a5 und c5.} Nf5 21. Nxf5 gxf5 22. b5 Nb8 23. Bf4 Be7 24. Bxb8 $2 {Schade um den Läufer und die sinkende Bewertung für Weiss. Dies umso mehr, als 28.d5 den Tag entschieden hätte.} (24. d5 {5.48(100%)/44} g5 (24... O-O 25. dxc6 bxc6 26. bxc6 Nxc6 27. Bxc6 $18) 25. bxc6 Nxc6 26. dxc6 gxf4 27. cxb7 Rb8 28. Rxa7 $18) 24... Rxb8 25. bxc6 bxc6 (25... b6 26. Rxa7 $18) 26. Bxc6+ Kf8 27. Rxa7 g6 (27... Rh6 28. Bd5 Rf6 29. Re1 Bd6 30. Rd7 g5 31. Bc4 f4 32. b3 $18) 28. Rc1 Bf6 29. Rc4 Rd8 (29... Rxb2 30. Bd5 $18) 30. Bd7 {Auch 30.b4 gewinnt.} Ke7 31. Bb5+ {Dieser Gewinnweg ist mit 3.67(100%)/49 um 2 Bauerneinheiten schlechter als 31.Lxf5+ 5.71(100%)/49} Kf8 32. Rcc7 Rh7 33. Rd7 ({oder} 33. Bc4 Bxd4 34. Rxf7+ Rxf7 35. Rxf7+ Ke8 36. Rb7 $18 {und gewinnt mit seinen 2 Mehrbauern locker.}) 33... Rxd7 34. Rxd7 f4 {Dass der Scorpio 68000 sel. 4 diese Stellung mit 2 gesunden Mehrbauern nicht gewinnen kann, dürfte überraschen.} 35. gxf4 $2 {Schwächt freiwillig seine Bauernstellung. Solche Züge macht ein Schachspieler einfach nicht, auch wenn damit Weiss noch immer eine gewonnene Stellung hat. Dem Spuk ein Ende macht:} (35. Bc6 Be7 36. d5 Bc5 37. d6 fxg3 38. hxg3 Kg7 39. Bd5 Kf6 40. Bc4 g5 41. Rd8 g4 42. Kg2 Bb4 43. b3 Rh5 (43... Ke5 44. d7 Kd6 45. Rb8 Kxd7 46. Rxb4 $18) 44. Rf8 Bxd6 45. Rxf7+ Ke5 (45... Kg5 46. Bd3 $18) 46. Rg7 Kf5 47. Bd3+ Kf6 48. Rxg4 $18) 35... Rh4 36. Bc4 Rxf4 37. Rxf7+ Ke8 {[#] Nun sind es bereits drei weisse Mehrbauern. Mancher Computerschächler würde hier mit 1-0 für Scorpio 68000 sel. 4 abbrechen.} 38. b4 $2 {Auf einen Schlag versaut Weiss seine gewonnene Stellung.} (38. Kf1 $1 Rxd4 39. Rxf6 Rxc4 40. Rxg6 Rb4 41. Re6+ $1 {Nur dieses Schachgebot gewinnt!} (41. f3 Rxb2 $11 {ist theoretisch Remis; ob einer unserer Oldies dieses Endspiel aber halten kann, steht in den Sternen.}) 41... Kf7 42. Re2 $18 {und mit seinen drei Mehrbauern im Turmendspiel kann Weiss kinderleicht den Sieg einfahren.}) 38... Rg4+ $1 {Erzwungen, denn alles andere verliert.} 39. Kf1 Bxd4 40. Be6 Re4 41. Bd5 Rh4 ({oder} 41... Bc3 42. b5 Re5 43. Bc4 Rxb5 44. Rf3 {Noch ein Gewinnversuch.} Rb1+ 45. Kg2 Bd4 $1 {Sehr gut mit einer klaren Idee zum Remis.} (45... Ba1 46. Bf7+ Ke7 47. Bxg6 $11 {ist für unsere Oldies aber nicht zu halten.}) 46. Bf7+ Ke7 47. Bxg6 Rb2 $1 {Das bereitet schon das kommende Remis vor.} 48. h4 {Beide Programme würden bis zu dieser Stellung so spielen, dann aber ändert sich ihr Verhalten.} Rxf2+ $1 {Der Mach III spielt diesen zum Remis führenden Zug aus, obwohl das Programm sich noch mit zirka 1,5 Bauerneinheiten im Minus sieht. Der Scorpio 68000 sel. 4 macht hier irgendeinen anderen Zug.} 49. Rxf2 Bxf2 {Noch immer zeigt der Mach III ein Minus von etwas 1,5 Bauerneinheiten. Der Scorpio 68000 sel. 4 ist weiterhin ahnungslos.} 50. Kxf2 $11 {Remis, denn Weiss bleibt mit seinem Randbauer wegen des falschen Läufers auf dem trockenen Remis sitzen. Und jetzt springt auch die Bewertung des Mach III endlich auf 0.00, weil das Programm dieses Endspiel kennt. Hingegen hat der Scorpio 68000 sel. 4 mit einer Bewertung von über 5 Bauerneinheiten zugunsten von Weiss keinen blassen Dunst.}) 42. Kg1 Be5 43. b5 Bxh2+ 44. Kg2 Be5 45. Rb7 Rg4+ 46. Kf3 Rf4+ 47. Ke3 Rb4 48. Bf7+ Kd8 49. Bxg6 Bd4+ 50. Kf3 Rb2 51. Ke4 Kc8 52. Rh7 Bxf2 {[#] Diese Stellung ist klar Remis. Die weissen Figuren werden es nie schaffen die Hürden b6 oder b8 zu nehmen.} 53. Kf3 Bb6 (53... Rxb5 54. Kxf2 Rb7 {ist ebenfalls Remis, aber Schwarz ist nicht gezwungen, seinen Läufer zu opfern.}) 54. Bf5+ Kb8 55. Bd3 Rb4 56. Re7 Bc5 57. Rf7 Bb6 58. Rh7 Bc5 59. Rd7 Bb6 60. Rf7 Kc8 61. Re7 Kb8 62. Be2 Kc8 63. Bf1 Rb1 64. Bd3 Rb4 65. Ke2 Rb2+ 66. Kd1 Bd4 67. Kc1 Rb3 68. Kd2 Rb2+ 69. Kd1 Bc5 70. Kc1 Rb3 (70... Bxe7 {wäre der menschliche Zug, den jeder geübte Schachspieler à tempo ausführen würde.} 71. Kxb2 Kb7 $11) 71. Bf5+ Kb8 72. Kc2 Rxb5 73. Rd7 Rb7 74. Rd5 {***REMIS ABGERROCHEN***} 1/2-1/2